Statistics for South Africans official languages

Click here to take the quiz!

General Stats

  • This quiz has been taken 32 times
  • The average score is 8 of 11

Answer Stats

HintAnswer% Correct
3English
100%
11Zulu
90%
10Xhosa
87%
1Afrikaans
84%
2Northern Sotho
68%
5Southern Sotho
68%
6Swazi
68%
8Tswana
68%
7Tsonga
52%
9Venda
52%
4Southern Ndebele
48%

Score Distribution

Percentile by Number Answered

Percent of People with Each Score

Your Score History

You have not taken this quiz